[Event "Liberec op 11th"]
[Site "Liberec"]
[Date "2010.10.28"]
[Round "7"]
[White "Szablowski, Pawel"]
[Black "Kulhanek, Tomas"]
[Result "1-0"]
[WhiteElo "2278"]
[BlackElo "2391"]
[PlyCount "109"]
[EventDate "2010.10.23"]
[EventType "swiss"]
[EventRounds "9"]
[EventCountry "CZE"]
[SourceTitle "EXT 2011"]
[Source "ChessBase"]
[SourceDate "2010.11.26"]
[SourceVersion "1"]
[SourceVersionDate "2010.11.26"]
[SourceQuality "1"]

1. e4 c5 2. c3 b6 3. d4 Bb7 4. Bd3 Nf6 5. Qe2 cxd4 6. cxd4 Nc6 7. Nf3 Nb4 8. Nc3 Nxd3+ 9. Qxd3 Qc8 10. 0-0 Ba6 11. Nb5 Qc6 12. Nc7+ Qxc7 13. Qxa6 Nxe4 14. Re1 Nf6 15. Bg5 e6 16. Rac1 Qb8 17. d5 Nxd5 18. Rcd1 Bb4 19. Rxd5 Bxe1 20. Rxd7 0-0 21. Nxe1 Qe5 22. Nf3 Qxb2 23. h3 Rac8 24. Rxa7 Rc5 25. Ra8 f6 26. Be3 Rd5 27. a4 Qb4 28. Rxf8+ Kxf8 29. Qxb6 Qxa4 30. Qxe6 Qa5 31. Kh2 Qc7+ 32. g3 Qf7 33. Qc8+ Qe8 34. Qc4 Qd7 35. Nd4 Re5 36. Nc6 Rxe3 37. fxe3 Qd2+ 38. Kh1 Qxe3 39. Qb4+ Ke8 40. Qb8+ Kd7 41. Qb7+ Kd6 42. Nd8 Qc1+ 43. Kh2 Qc2+ 44. Kh1 Qc1+ 45. Kh2 Qc2+ 46. Qg2 Qc3 47. Qa2 g5 48. Nf7+ Kc7 49. Nh6 Kb7 50. Qf2 Kb8 51. Ng4 h5 52. Nxf6 h4 53. Nd5 Qe5 54. Qf8+ Ka7 55. Qe7+ 1-0